00503nam a2200193 a 4500001001300000003000900013005001700022008004100039020001000080082001600090100002200106245004200128260003600170300000900206500003500215505001500250650002200265700002200287nice12345678IN_TiNIC20260116011639.0050524s1960 agra grp 000 0 eng  ac9.500a922.97bCHO aChopra, Pran Nath aRafi Ahmad Kidwaib His Life and Work aAgrabAgarwal and Companyc1960 a227p aincludes index and biblioraphy2 aindex, ill aRafi Ahmed Kidwai1 aChopra, Pran Nath